000 nam a22 a 4500
999 _c424189
_d424189
003 BLK
005 20210716155243.0
008 210716b bu |||||r|||| 00| | bu d
040 _aBLK
041 _aFRE
_cFRE
080 _aФренска литература
_b821.133.1
_x-31
_z821.133.1-31
100 _91299
_aChateaubriand, Francois-Rene de
_eпърви автор
139 _aChateaubriand, Francois-Rene de
245 _aLes Martyrs
_bOu le triomphe de la religion chretienne
_cFrancois-Rene de Chateaubriand
260 _9443444
_aParis
_bLibrairie Garnier Freres
_c1870
300 _a562 p.
_c18 sm
380 _aX
490 _9435080
_aКолекция Редки и ценни издания
852 _aЦб Рф 870
_bРц
942 _cKNG
_n0
_s1
944 _aCR
_c2021-07-16
_kВЙ